| 000 | 00757nam a22002057a 4500 | ||
|---|---|---|---|
| 999 |
_c477 _d477 |
||
| 003 | AR-CdUCM | ||
| 008 | 190223b ||||| |||| 00| 0 spa d | ||
| 040 |
_aMUNICIPALIDAD PROVINCIAL DEL CUSCO _cBIBLIOTECA MUNICIPAL DEL CUSCO |
||
| 082 |
_a985.52 / _bV26 |
||
| 100 |
_aVarallanos, José _91884 |
||
| 245 |
_aHistoria de Huánuco: _bde la era prehistorica a nuestros dias / _cVarallanos, José |
||
| 260 |
_aBuenos Aires : _bLópez, _c1959. |
||
| 300 |
_a662 paginas ; _c24 cm. |
||
| 505 | _aIntroduccion para el estudio de la vida social de una region del Perú --- Desde la era prehistorica a nuestros Dias... | ||
| 650 |
_aHuánuco _91885 |
||
| 650 |
_aHistoria del Perú _9259 |
||
| 650 |
_aVida Social Perú _91886 |
||
| 942 |
_2ddc _cLIBROS |
||
| 945 | _artm | ||